Αρχαία γλυπτά

Αποθηκεύτηκε σε:
Λεπτομέρειες βιβλιογραφικής εγγραφής
Κύριος συγγραφέας: Γιαλούρης, Νικόλαος, 1918-
Άλλοι συγγραφείς: Γιαλούρη, Αθανασία (Επιμελητής έκδοσης)
Μορφή: Βιβλίο
Γλώσσα:Greek
Δημοσίευση: Αθήνα : Εκδοτική Αθηνών, 1994
Θέματα:
Ετικέτες: Προσθήκη ετικέτας
Δεν υπάρχουν, Καταχωρήστε ετικέτα πρώτοι!

MARC

LEADER 00000nam a2200000 i 4500
001 1/73848
008 970120s1994 gre d
020 |a 960-213-290-6 
035 |l 10031627 
040 |a GR-MY-UA  |b gre  |e aacr 
041 0 |a gre 
082 0 |a Π 700.495 
100 1 |a Γιαλούρης, Νικόλαος,   |d 1918- 
245 1 0 |a Αρχαία γλυπτά /  |c Νικόλαος Γιαλούρης ; Συνεργασία Αθανασία Γιαλούρη 
260 |a Αθήνα :   |b Εκδοτική Αθηνών,   |c 1994 
300 |a 291 σ.  |b εικ. 
504 |a Περιέχει βιβλιογραφία και ευρετήριο 
650 0 0 |a Sculpture, Ancient  |z Greece. 
650 0 0 |a Sculpture, Hellenistic  |z Greece. 
650 0 0 |a Sculpture, Classical  |z Greece. 
650 0 0 |a Sculpture, Greek. 
650 0 0 |a Art, Greek. 
700 1 |a Γιαλούρη, Αθανασία.  |4 edt 
774 1 |t Ελληνική τέχνη 
852 |a INST  |b LESVOS  |e 19970120  |h 700.495 ΓΙΑ  |p 005100012251  |q 005100012251  |t REF  |y 23 
852 |a INST  |b RHODES  |e 19980605  |h 700.495 ΓΙΑ  |p 005400006273  |q 005400006273  |t REF  |y 23 
901 |a BIBL-1998-2 
909 |a Ρ  |b 054174  |c 1998 
909 |a Λ  |b 049400 
922 |a 4ΕΛΗ  |b 199802  |c ΚΠΣ/Ν  |d EMVASIS 
950 |a 147-1996-11-26